Vista normal
Vista MARC
Entrada Topical Term
Número de registros utilizados en: 1
001 - CONTROL NUMBER
- control field: 29245
003 - CONTROL NUMBER IDENTIFIER
- control field: OSt
005 - DATE AND TIME OF LATEST TRANSACTION
- control field: 20230915231505.0
008 - FIXED-LENGTH DATA ELEMENTS
- fixed length control field: 230915|| aca||aabn | a|a d
040 ## - CATALOGING SOURCE
- Original cataloging agency: OSt
- Transcribing agency: OSt
150 ## - HEADING--TOPICAL TERM
- Topical term or geographic name entry element: FRONTERAS Y CONFLICTO - COLOMBIA - PERU, 1932 - 1934
670 ## - SOURCE DATA FOUND
- Source citation: Work cat.: (OSt)29266: Restrepo, Juan Camilo; Betancur, Luis Ignacio 29243, Economía y conflicto Colombo - Peruano, 2001